| 000 | 00587nam a2200157 a 4500 | ||
|---|---|---|---|
| 008 | 120416s0000 ||||||||||||||||| || u | ||
| 020 | _a0821331876 | ||
| 050 | _aIBRD(08)SET | ||
| 100 | _aLieberman, Iran W | ||
| 245 | 1 | 0 |
_aRussia _cedited by Iran W. Lieberman [and others] |
| 246 | _acreating private enterprises and efficient markets | ||
| 260 |
_aWashington, D. C. _bWorld Bank _c1995 |
||
| 300 | _aix, 255p. : ill. | ||
| 350 | _a0.00 | ||
| 995 |
_D0.00 _FCBU-MAIN LIBRARY (Kitwe) _H1 _I0.00 _M1 _UAVAILABLE _ZInternational Publications |
||
| 999 |
_c56853 _d56853 |
||